00658nam a2200121Ia 45000010005000000080041000050820032000461000110000782450281001882600024004699010028004939990015005213859241024s9999 xx 000 0 und d aRD/375/R426j/2014/1,2,3,4,5 aRepública Dominicana. Ministerio de Educación. Viceministerio de Servicios Técnicos y pedagógicos 0aJornada de verano 2014. 1. Dirección General de Educación Media. 2. Modalidades General, arte y técnico profesional. 3. Dirección General de Educación Jóvenes y Adultos. 4. Dirección General de Educación Básica. 5. Dirección General de Educación Inicial. bSanto Domingoc2014 a17/11/2014 2:43:11 p.m. c8402d8402